000 00175 a2200097 4500
020 _a8466304479
041 _aspa
100 _aPuzo,Mario
245 _aEl Padrino
942 _cBK
999 _c10024
_d10024